| 000 | 01171nam a2200289Ia 4500 | ||
|---|---|---|---|
| 003 | OSt | ||
| 005 | 20221005110917.0 | ||
| 006 | a|||||r|||| 00| 0 | ||
| 007 | ta | ||
| 008 | 221004b |||||||| |||| 00| 0 hin d | ||
| 020 |
_a9788171789566 (hbk) _c600 |
||
| 024 | _a12037 | ||
| 037 |
_bBR7983, 13/03/2014, Rajkamal Prakashan Pvt. Ltd. _cTextual |
||
| 040 |
_aCRL _cCRL _bhin |
||
| 041 |
_2hin _ahin |
||
| 082 | _aO168,1N11x, 152Q4 | ||
| 100 | _aफै़ज़ अहमद फै़ज़ | ||
| 245 | 0 | _aसारे सुख़न हमारे | |
| 246 | _aSāre sukha़n hamāre | ||
| 250 | _a3 संस्करण | ||
| 260 |
_aनई दिल्ली _bराजकमल प्रकाशन भारत _c2014 |
||
| 300 |
_a397पृ0 _ccm. |
||
| 650 | _aउर्दू साहित्य | ||
| 700 | _a अब्दुल बिस्मिल्लाह, संपा. | ||
| 942 |
_hO168,1N11x, 152Q4 _cTEXL _2cc |
||
| 999 |
_c1020249 _d1020249 |
||